00650nam a2200205 a 4500001001000000003000900010005001700019007000300036008004100039040002500080082001400105100002400119245004700143260007200190300002800262490005100290490002600341830005100367830002600418000038214DO-SdBNP20220510133530.0ta130322s2006 dr a r 000 0 spa d aDO-SdBNPbspacBNPHU 4bV434l2221 aVelazquez, Vladimir10aLíneas alternas /cVladimir Velázquez. aSanto Domingo :bBanco Central de la República Dominicana,c2006. a128 p. :bil. ;c28 cm.1 aBanco Central de la República Dominicanav871 aArte y literaturav35 0aBanco Central de la República Dominicanan87 0aArte y literaturan87